[Event "III IRT NAVIDAD ALZIRA 2013"]
[Site "CLUB AJEDREZ ALZIRA, C/ Pedro "]
[Date "2013.12.29"]
[Round "6"]
[White "Pena Riasco, Alexander"]
[Black "Montalban Galvez, Antonio"]
[Result "0-1"]
[WhiteElo "2164"]
[BlackElo "2183"]
[PlyCount "84"]
[EventDate "2013.12.27"]
[EventRounds "7"]
[EventCountry "ESP"]

1. e4 c5 2. Nf3 e6 3. d4 cxd4 4. Nxd4 Nf6 5. Nc3 Bb4 6. Bd2 d6 7. a3 Bxc3 8.
Bxc3 O-O 9. Bd3 e5 10. Ne2 Nc6 11. O-O Be6 12. b4 a6 13. Bb2 b5 14. Ng3 Qb6 15.
Nh5 Nxh5 16. Qxh5 Rac8 17. Rae1 Ne7 18. h4 f5 19. Qg5 Rc7 20. exf5 Bxf5 21. Re3
h6 22. Qh5 Bxd3 23. cxd3 Nd5 24. Rf3 Nf4 25. Qg4 Qb7 26. Kh2 Rf6 27. h5 Qc8 28.
Qh4 Rf5 29. g4 Rg5 30. Rg1 Rc2 31. Ba1 Qc6 32. Re3 Qd5 33. Qg3 Qa2 34. Rf1 Nxh5
35. Qf3 Nf4 36. d4 Rxg4 37. dxe5 Rg2+ 38. Kh1 Rgxf2 39. Rxf2 Rxf2 40. Qa8+ Kh7
41. Qe4+ Ng6 42. Kg1 Rf4 0-1

[Event "III IRT NAVIDAD ALZIRA 2013"]
[Site "CLUB AJEDREZ ALZIRA, C/ Pedro "]
[Date "2013.12.29"]
[Round "6"]
[White "Madero, Sergio"]
[Black "Colls Gelaberto, Emili"]
[Result "1/2-1/2"]
[WhiteElo "2127"]
[BlackElo "2147"]
[PlyCount "135"]
[EventDate "2013.12.27"]
[EventRounds "7"]
[EventCountry "ESP"]

1. Nf3 Nf6 2. d4 g6 3. g3 Bg7 4. Bg2 O-O 5. O-O c6 6. c4 d6 7. h3 Qa5 8. Nc3
Nbd7 9. Qc2 e5 10. Rd1 Re8 11. a4 exd4 12. Nxd4 Ne5 13. b3 a6 14. Ba3 c5 15.
Nf3 Bf5 16. e4 Bxh3 17. Nxe5 Bxg2 18. Kxg2 dxe5 19. Nd5 Nxd5 20. Rxd5 Bf8 21.
b4 Qc7 22. bxc5 Rac8 23. Qc3 Re6 24. Rad1 Qc6 25. Rxe5 Rxe5 26. Qxe5 Re8 27.
Qd5 Qxa4 28. Bb2 Qc2 29. Bf6 Qxe4+ 30. Qxe4 Rxe4 31. Rd8 Re6 32. Bg5 Kg7 33.
Be3 f6 34. Rd7+ Re7 35. Rd8 Kf7 36. c6 bxc6 37. Ra8 Re4 38. c5 g5 39. Rxa6 Re6
40. g4 Kg6 41. Ra8 Be7 42. Rg8+ Kf7 43. Rc8 Bf8 44. Rc7+ Kg6 45. Rc8 Bg7 46.
Rd8 f5 47. Rd6 Rxd6 48. cxd6 fxg4 49. d7 Bf6 50. Bb6 h5 51. d8=Q Bxd8 52. Bxd8
c5 53. Ba5 c4 54. Bd2 Kf5 55. Bc1 c3 56. Be3 h4 57. Bd4 c2 58. Be3 Ke4 59. Bxg5
Kd3 60. Bc1 Ke2 61. Ba3 h3+ 62. Kg3 h2 63. Kxh2 Kxf2 64. Bc5+ Kf3 65. Ba3 g3+
66. Kg1 g2 67. Bc1 Kg3 68. Bh6 1/2-1/2

[Event "III IRT NAVIDAD ALZIRA 2013"]
[Site "CLUB AJEDREZ ALZIRA, C/ Pedro "]
[Date "2013.12.29"]
[Round "6"]
[White "Uran Bermudez, Oliver Kevin"]
[Black "Pedros Viudes, Santiago"]
[Result "1-0"]
[WhiteElo "2101"]
[BlackElo "1961"]
[PlyCount "49"]
[EventDate "2013.12.27"]
[EventRounds "7"]
[EventCountry "ESP"]

1. e4 e6 2. d4 d5 3. Nc3 Bb4 4. Qg4 Kf8 5. e5 Ne7 6. Nf3 b6 7. a3 Bxc3+ 8. bxc3
Ba6 9. Bxa6 Nxa6 10. h4 h5 11. Qf4 Ng6 12. Qg3 Qd7 13. a4 Ke8 14. O-O Kd8 15.
Bg5+ Kc8 16. Nd2 Kb7 17. Rfb1 c5 18. dxc5 Nxc5 19. c4 a5 20. cxd5 Qxd5 21. c4
Qc6 22. Be3 Ka7 23. Rb3 Ka6 24. Bxc5 bxc5 25. Qc3 1-0

[Event "III IRT NAVIDAD ALZIRA 2013"]
[Site "CLUB AJEDREZ ALZIRA, C/ Pedro "]
[Date "2013.12.29"]
[Round "6"]
[White "Ribera Cebolla, Marc"]
[Black "Aguado Crespo, Antonio"]
[Result "1-0"]
[WhiteElo "2034"]
[BlackElo "1920"]
[PlyCount "63"]
[EventDate "2013.12.27"]
[EventRounds "7"]
[EventCountry "ESP"]

1. e4 Nc6 2. d4 d5 3. e5 Bf5 4. c3 e6 5. Nd2 Be7 6. g4 Bg6 7. Nh3 Qd7 8. Nf4
O-O-O 9. Bg2 f6 10. Nxg6 hxg6 11. f4 g5 12. Nf3 Nh6 13. fxg5 fxg5 14. Nxg5 Rdf8
15. h3 Nd8 16. Nf3 Ndf7 17. Be3 Qd8 18. O-O Rh7 19. Qd3 Rfh8 20. Qg6 Qd7 21.
Rae1 Kb8 22. b3 Nd8 23. Nd2 Ng8 24. c4 Bh4 25. Rc1 Ne7 26. Qd3 c6 27. c5 Qe8
28. b4 Ng6 29. a4 Bg3 30. Rf3 Bxe5 31. dxe5 Nxe5 32. Bf4 1-0

[Event "III IRT NAVIDAD ALZIRA 2013"]
[Site "CLUB AJEDREZ ALZIRA, C/ Pedro "]
[Date "2013.12.29"]
[Round "6"]
[White "Gonzalvez Perales, Jose Luis"]
[Black "Benavent Espi, Vicente"]
[Result "1-0"]
[WhiteElo "1986"]
[BlackElo "1934"]
[PlyCount "65"]
[EventDate "2013.12.27"]
[EventRounds "7"]
[EventCountry "ESP"]

1. e4 Nf6 2. e5 Nd5 3. d4 d6 4. c4 Nb6 5. exd6 cxd6 6. Nc3 g6 7. Be3 Bg7 8. Rc1
Nc6 9. d5 Ne5 10. b3 O-O 11. h3 Ned7 12. Nf3 Nf6 13. Be2 Nbd7 14. O-O Nc5 15.
Re1 Nfe4 16. Nxe4 Nxe4 17. Bd4 e5 18. dxe6 Bxe6 19. Bxg7 Kxg7 20. Qd4+ Nf6 21.
Ng5 d5 22. Nxe6+ fxe6 23. Bf3 Qd6 24. cxd5 exd5 25. Re5 Rf7 26. Rxd5 Qa3 27.
Rc2 Re8 28. Re5 Rd7 29. Qxd7+ Nxd7 30. Rxe8 Qd6 31. Rce2 b6 32. Rd8 h5 33. Re1
1-0

[Event "III IRT NAVIDAD ALZIRA 2013"]
[Site "CLUB AJEDREZ ALZIRA, C/ Pedro "]
[Date "2013.12.29"]
[Round "6"]
[White "Castillo Pla, Emilio"]
[Black "Baidal Soliveres, Tomas"]
[Result "1-0"]
[WhiteElo "1917"]
[BlackElo "1575"]
[PlyCount "89"]
[EventDate "2013.12.27"]
[EventRounds "7"]
[EventCountry "ESP"]

1. e4 c5 2. c3 e6 3. d3 d5 4. Nd2 Nc6 5. Ngf3 g6 6. g3 Bg7 7. Bg2 Nge7 8. O-O
O-O 9. Re1 b5 10. a3 Qc7 11. h3 Bb7 12. Qe2 Rfe8 13. Nh4 b4 14. axb4 cxb4 15.
Nb1 bxc3 16. bxc3 dxe4 17. dxe4 Red8 18. Bf4 Qd7 19. Ra2 Qd3 20. Qxd3 Rxd3 21.
Bf1 Rd7 22. Bb5 a6 23. Ba4 Rd3 24. Rb2 Bc8 25. Rd1 Rxd1+ 26. Bxd1 e5 27. Bg5 f6
28. Be3 Rb8 29. Rxb8 Nxb8 30. Bb3+ Kf8 31. g4 Bb7 32. f3 Ke8 33. Nd2 Nbc6 34.
Nc4 Kd7 35. Ng2 Nc8 36. Kf2 Nd6 37. Nb6+ Kc7 38. Nd5+ Kd7 39. Ne1 Na5 40. Nb6+
Kc7 41. Ba2 Kc6 42. Nd3 f5 43. Nb4+ Kc7 44. N6d5+ Bxd5 45. Bxd5 1-0

[Event "III IRT NAVIDAD ALZIRA 2013"]
[Site "CLUB AJEDREZ ALZIRA, C/ Pedro "]
[Date "2013.12.29"]
[Round "6"]
[White "Carrasco Fernandez, Manuel"]
[Black "Cerdan Herraez, Manuel Vicente"]
[Result "1-0"]
[WhiteElo "1836"]
[BlackElo "1855"]
[PlyCount "79"]
[EventDate "2013.12.27"]
[EventRounds "7"]
[EventCountry "ESP"]

1. c4 e5 2. Nf3 Nc6 3. g3 e4 4. Nh4 Nf6 5. Nc3 d6 6. f3 g5 7. Ng2 exf3 8. exf3
Nd4 9. Ne3 Bg7 10. Bg2 O-O 11. O-O c6 12. b3 h6 13. Bb2 Nf5 14. Rb1 Re8 15. Ne4
Nxe3 16. dxe3 Nxe4 17. Bxg7 Nxg3 18. Bxh6 Nf5 19. f4 Nxh6 20. Qh5 Nf5 21. fxg5
Qe7 22. e4 Ng7 23. Qh4 Qe6 24. Rf4 Qg6 25. Rbf1 Re5 26. Qf2 Rxg5 27. Rxf7 Rxg2+
28. Qxg2 Qxg2+ 29. Kxg2 Be6 30. Rxb7 d5 31. exd5 cxd5 32. c5 d4 33. Kf2 a5 34.
Rd1 Rf8+ 35. Ke1 Re8 36. Kd2 Rc8 37. Rc1 Bf5 38. Rg1 Kh8 39. Rgxg7 Rxc5 40.
Rgc7 1-0

[Event "III IRT NAVIDAD ALZIRA 2013"]
[Site "CLUB AJEDREZ ALZIRA, C/ Pedro "]
[Date "2013.12.29"]
[Round "6"]
[White "Galiana Fernandez, Adrian"]
[Black "Barbero Verdu, Francisco"]
[Result "0-1"]
[WhiteElo "1782"]
[BlackElo "2077"]
[PlyCount "60"]
[EventDate "2013.12.27"]
[EventRounds "7"]
[EventCountry "ESP"]

1. e4 d6 2. d4 Nf6 3. Nc3 g6 4. f3 Bg7 5. Be3 c6 6. Qd2 b5 7. a3 Nbd7 8. g4 Nb6
9. h4 h5 10. g5 Nfd7 11. O-O-O O-O 12. d5 cxd5 13. Nxd5 Nxd5 14. Qxd5 Nb6 15.
Qxb5 Bd7 16. Bxb6 axb6 17. Qb4 Qc7 18. Bh3 Rfc8 19. Rd2 b5 20. Bxd7 Qxd7 21.
Ne2 Rc4 22. Qb3 Qc7 23. Nf4 b4 24. Nd5 bxa3 25. Nxc7 axb2+ 26. Qxb2 Bxb2+ 27.
Kxb2 Rxc7 28. Rd3 Rc5 29. c3 Rb5+ 30. Kc2 Ra2+ 0-1

[Event "III IRT NAVIDAD ALZIRA 2013"]
[Site "CLUB AJEDREZ ALZIRA, C/ Pedro "]
[Date "2013.12.29"]
[Round "6"]
[White "Roca Cruz, Rafael"]
[Black "Orti Boix, Miquel Lluis"]
[Result "1/2-1/2"]
[WhiteElo "1997"]
[BlackElo "1779"]
[PlyCount "107"]
[EventDate "2013.12.27"]
[EventRounds "7"]
[EventCountry "ESP"]

1. d4 Nf6 2. Nf3 g6 3. c4 Bg7 4. Nc3 O-O 5. e4 d6 6. h3 e5 7. dxe5 dxe5 8. Qxd8
Rxd8 9. Bg5 c6 10. Nxe5 Re8 11. O-O-O Nxe4 12. Nxe4 Bxe5 13. f4 Bg7 14. Nd6 Rf8
15. Be7 Be6 16. Bxf8 Kxf8 17. Nxb7 Nd7 18. Na5 Rb8 19. Nb3 c5 20. Kc2 a5 21. a4
Rb4 22. Bd3 Nb6 23. Rhe1 Bf6 24. g4 Bxc4 25. Bxc4 Nxc4 26. g5 Bxb2 27. Rd8+ Kg7
28. Ree8 h6 29. Rg8+ Kh7 30. Rh8+ Bxh8 31. Nxc5 Ne3+ 32. Kd3 Nf5 33. Ra8 Rxf4
34. gxh6 Rd4+ 35. Ke2 Rd5 36. Rxa5 Bd4 37. Nb3 Rxa5 38. Nxa5 Kxh6 39. Nc6 Kg5
40. Kf3 Bc3 41. Ke4 Kh4 42. a5 Bxa5 43. Nxa5 Kxh3 44. Kf4 Kh4 45. Nc4 Nd4 46.
Ne5 g5+ 47. Ke4 f6 48. Nd7 f5+ 49. Kxd4 g4 50. Ke3 g3 51. Ne5 Kh3 52. Nf3 Kg2
53. Kf4 Kf2 54. Nh4 1/2-1/2

[Event "III IRT NAVIDAD ALZIRA 2013"]
[Site "CLUB AJEDREZ ALZIRA, C/ Pedro "]
[Date "2013.12.30"]
[Round "7"]
[White "Montalban Galvez, Antonio"]
[Black "Uran Bermudez, Oliver Kevin"]
[Result "0-1"]
[WhiteElo "2183"]
[BlackElo "2101"]
[PlyCount "104"]
[EventDate "2013.12.27"]
[EventRounds "7"]
[EventCountry "ESP"]

1. d4 d5 2. c4 c6 3. Nf3 Nf6 4. Qc2 e6 5. Bg5 dxc4 6. Qxc4 Be7 7. e3 Nbd7 8.
Bd3 Nd5 9. Bxe7 Qxe7 10. O-O e5 11. Nbd2 O-O 12. a3 exd4 13. Qxd4 Rd8 14. Rac1
Nf8 15. Bb1 Nf6 16. Qh4 Bg4 17. h3 Bh5 18. Nd4 Bg6 19. Nc4 Bxb1 20. Rxb1 Ng6
21. Qg3 c5 22. Nf3 Ne4 23. Qg4 Rd5 24. h4 h5 25. Qh3 b5 26. Na5 Qc7 27. Nb3
Rad8 28. Rbc1 a5 29. Rc2 a4 30. Nbd4 Qb6 31. Ne2 Qd6 32. Nc3 Nxc3 33. Rxc3 Ne5
34. Nxe5 Qxe5 35. Qf3 Rd2 36. Rb1 c4 37. Qf4 Qxf4 38. exf4 Rd1+ 39. Rxd1 Rxd1+
40. Kh2 Rd2 41. Re3 Rxb2 42. Re8+ Kh7 43. Re5 Kg6 44. Kg3 Rb3+ 45. f3 Rxa3 46.
Rxb5 Rb3 47. Ra5 a3 48. Kf2 Kf6 49. Ke2 Rb2+ 50. Ke3 c3 51. Kd3 c2 52. Kd2 a2
0-1

[Event "III IRT NAVIDAD ALZIRA 2013"]
[Site "CLUB AJEDREZ ALZIRA, C/ Pedro "]
[Date "2013.12.30"]
[Round "7"]
[White "Colls Gelaberto, Emili"]
[Black "Ribera Cebolla, Marc"]
[Result "1-0"]
[WhiteElo "2147"]
[BlackElo "2034"]
[PlyCount "78"]
[EventDate "2013.12.27"]
[EventRounds "7"]
[EventCountry "ESP"]

1. Nf3 Nf6 2. c4 g6 3. Nc3 Bg7 4. e4 d6 5. d4 O-O 6. h3 Nbd7 7. Be2 e5 8. d5 a5
9. Be3 Nh5 10. g3 Nhf6 11. g4 Qe7 12. Nd2 Nc5 13. Qc2 Ne8 14. O-O-O c6 15. Nf1
a4 16. Bxc5 dxc5 17. a3 Nd6 18. Ng3 Bd7 19. Kb1 Rfb8 20. h4 b5 21. dxc6 Bxc6
22. cxb5 Nxb5 23. Bxb5 Bxb5 24. Nxb5 Rxb5 25. Rd2 Rab8 26. Qc1 Qb7 27. Rhd1 Bf8
28. Ka1 c4 29. Ne2 Rb3 30. Rd8 Rxd8 31. Rxd8 Rd3 32. Rxd3 cxd3 33. Nc3 Qd7 34.
Qd1 Qd4 35. Qd2 Bc5 36. h5 Kg7 37. h6+ Kf8 38. Kb1 Ke8 39. Qd1 Bxa3 1-0

[Event "III IRT NAVIDAD ALZIRA 2013"]
[Site "CLUB AJEDREZ ALZIRA, C/ Pedro "]
[Date "2013.12.30"]
[Round "7"]
[White "Pena Riasco, Alexander"]
[Black "Gonzalvez Perales, Jose Luis"]
[Result "1-0"]
[WhiteElo "2164"]
[BlackElo "1986"]
[PlyCount "67"]
[EventDate "2013.12.27"]
[EventRounds "7"]
[EventCountry "ESP"]

1. e4 c6 2. d4 d5 3. Nd2 dxe4 4. Nxe4 Nd7 5. Bc4 Ngf6 6. Ng5 e6 7. N1f3 Nb6 8.
Bb3 Bd6 9. Qe2 h6 10. Nh3 a5 11. c3 Nbd5 12. Ne5 a4 13. Bxd5 Nxd5 14. O-O O-O
15. c4 Bxe5 16. dxe5 Ne7 17. Rd1 Qc7 18. Bf4 Ng6 19. Bg3 Rd8 20. Rd6 Bd7 21.
Rad1 Be8 22. Qd2 Rdb8 23. Nf4 Ne7 24. Qe2 Nf5 25. Nh5 Qe7 26. h4 Nxh4 27. Bxh4
Qxh4 28. R1d4 Qe7 29. Qg4 Qg5 30. Qe2 Qe7 31. Rg4 g5 32. Nf6+ Kf8 33. Rxg5 hxg5
34. Qh5 1-0

[Event "III IRT NAVIDAD ALZIRA 2013"]
[Site "CLUB AJEDREZ ALZIRA, C/ Pedro "]
[Date "2013.12.30"]
[Round "7"]
[White "Carrasco Sagredo, Manuel"]
[Black "Castillo Pla, Emilio"]
[Result "0-1"]
[WhiteElo "2148"]
[BlackElo "1917"]
[PlyCount "88"]
[EventDate "2013.12.27"]
[EventRounds "7"]
[EventCountry "ESP"]

1. e4 d6 2. d4 Nf6 3. Nc3 g6 4. Be3 Bg7 5. Qd2 Nc6 6. Bh6 Bxh6 7. Qxh6 Nxd4 8.
O-O-O e5 9. Nge2 Nxe2+ 10. Bxe2 Be6 11. f4 Qe7 12. fxe5 dxe5 13. Rhf1 Nd7 14.
Rxd7 Qxd7 15. Rd1 Qe7 16. Nb5 f6 17. h4 a6 18. Nc3 Rd8 19. Rxd8+ Kxd8 20. Qe3
Qb4 21. Qh6 Kc8 22. Bd3 Kb8 23. a3 Qe7 24. Qe3 Rd8 25. Qf2 h5 26. g3 Rf8 27.
Na4 f5 28. exf5 gxf5 29. Nc3 e4 30. Be2 Qf7 31. Qc5 Rd8 32. Qe5 Qd7 33. Kb1 Bf7
34. Qf4 Qd2 35. Qf1 Qe3 36. Qxf5 Qg1+ 37. Qf1 Qxf1+ 38. Bxf1 e3 39. Kc1 Rg8 40.
Ne4 Re8 41. Nc3 Rd8 42. Bd3 c5 43. a4 c4 44. Be2 Rd2 0-1

[Event "III IRT NAVIDAD ALZIRA 2013"]
[Site "CLUB AJEDREZ ALZIRA, C/ Pedro "]
[Date "2013.12.30"]
[Round "7"]
[White "Carrasco Fernandez, Manuel"]
[Black "Madero, Sergio"]
[Result "0-1"]
[WhiteElo "1836"]
[BlackElo "2127"]
[PlyCount "76"]
[EventDate "2013.12.27"]
[EventRounds "7"]
[EventCountry "ESP"]

1. c4 e5 2. Nc3 Nf6 3. d3 Nc6 4. g3 Bc5 5. Bg2 O-O 6. a3 a6 7. e3 Ba7 8. Nge2
d6 9. O-O Rb8 10. Qc2 Bf5 11. h3 h6 12. Bd2 Ne7 13. e4 Be6 14. Kh2 Nd7 15. b4
c6 16. f4 f5 17. fxe5 dxe5 18. c5 b6 19. cxb6 Qxb6 20. Rf3 fxe4 21. Nxe4 Rxf3
22. Bxf3 Nd5 23. Rc1 Rf8 24. Ng1 a5 25. Nc5 Nxc5 26. Qxc5 axb4 27. axb4 Qxc5
28. bxc5 Rb8 29. Rc2 Rb5 30. Bxd5 Bxd5 31. Be3 Rb3 32. Rd2 e4 33. dxe4 Bxe4 34.
h4 Rxe3 35. Nh3 Bxc5 36. Nf4 Rf3 37. Ne6 Rf2+ 38. Rxf2 Bxf2 0-1

[Event "III IRT NAVIDAD ALZIRA 2013"]
[Site "CLUB AJEDREZ ALZIRA, C/ Pedro "]
[Date "2013.12.30"]
[Round "7"]
[White "Barbero Verdu, Francisco"]
[Black "Albert Garrote, Amadeo"]
[Result "1-0"]
[WhiteElo "2077"]
[BlackElo "1877"]
[PlyCount "73"]
[EventDate "2013.12.27"]
[EventRounds "7"]
[EventCountry "ESP"]

1. c4 f5 2. Nc3 Nf6 3. g3 g6 4. Bg2 Bg7 5. d4 d6 6. Nf3 O-O 7. O-O c6 8. b3 h6
9. Qc2 Nbd7 10. Bb2 Rb8 11. Rad1 Qc7 12. Rfe1 e5 13. dxe5 Nxe5 14. Ba3 Nf7 15.
Nh4 Qa5 16. Qc1 Ng4 17. b4 Qe5 18. Bb2 Qe6 19. h3 g5 20. Nf3 Nge5 21. c5 d5 22.
Nd4 Qg6 23. b5 Bd7 24. a4 Nc4 25. Ba1 Nfe5 26. Nxd5 cxd5 27. Bxd5+ Kh8 28. Bxc4
Rbc8 29. Bd5 h5 30. Bxb7 f4 31. Nf3 fxg3 32. fxg3 Rxf3 33. exf3 Re8 34. Bxe5
Bxe5 35. Rxd7 Qf5 36. Kg2 Qxd7 37. Bc6 1-0

[Event "III IRT NAVIDAD ALZIRA 2013"]
[Site "CLUB AJEDREZ ALZIRA, C/ Pedro "]
[Date "2013.12.30"]
[Round "7"]
[White "Pedros Viudes, Santiago"]
[Black "Ull Molina, Cristian"]
[Result "1-0"]
[WhiteElo "1961"]
[BlackElo "1866"]
[PlyCount "87"]
[EventDate "2013.12.27"]
[EventRounds "7"]
[EventCountry "ESP"]

1. d4 Nf6 2. Nf3 g6 3. Bf4 Bg7 4. e3 d6 5. h3 Nh5 6. Bh2 c5 7. c3 cxd4 8. exd4
O-O 9. Bd3 Nc6 10. O-O b6 11. Re1 Bb7 12. Qe2 Qd7 13. Nbd2 Rfe8 14. d5 Ne5 15.
Bb5 Qc7 16. Nxe5 dxe5 17. Bxe8 Rxe8 18. Bxe5 Bxe5 19. Qxe5 Qxe5 20. Rxe5 f6 21.
Re3 Bxd5 22. Rae1 Kf7 23. Ne4 Ng7 24. g4 h6 25. Rd1 Bc6 26. Ng3 Ne6 27. Ne2 Rc8
28. Nd4 Nxd4 29. Rxd4 Ke8 30. Rc4 Bb7 31. Rxc8+ Bxc8 32. c4 Kd7 33. f4 e6 34.
Rd3+ Kc7 35. Kf2 Bb7 36. h4 Ba6 37. Ke3 b5 38. c5 Bb7 39. Rd6 Bd5 40. b4 f5 41.
gxf5 gxf5 42. a3 h5 43. Kd4 Bc4 44. Ke5 1-0

[Event "III IRT NAVIDAD ALZIRA 2013"]
[Site "CLUB AJEDREZ ALZIRA, C/ Pedro "]
[Date "2013.12.30"]
[Round "7"]
[White "Aguado Crespo, Antonio"]
[Black "Tormo Bas, Gonzalo"]
[Result "1-0"]
[WhiteElo "1920"]
[BlackElo "1727"]
[PlyCount "63"]
[EventDate "2013.12.27"]
[EventRounds "7"]
[EventCountry "ESP"]

1. e4 c5 2. Nf3 Nc6 3. Bc4 g6 4. O-O Bg7 5. Nc3 d6 6. h3 Nf6 7. d3 O-O 8. a4
Nd4 9. Bg5 h6 10. Be3 Nd7 11. Nh2 e5 12. f4 exf4 13. Bxf4 Ne5 14. Ba2 Qb6 15.
Nd5 Qxb2 16. Rf2 Ne6 17. c3 Qxf2+ 18. Kxf2 c4 19. Bxc4 Nxc4 20. dxc4 Nxf4 21.
Nxf4 Bxc3 22. Rc1 Be5 23. g3 g5 24. Nd5 f5 25. Qh5 Kg7 26. Rf1 fxe4+ 27. Kg2
Bf5 28. Ne7 Bh7 29. Ng4 Rxf1 30. Qxh6+ Kh8 31. Nxe5 dxe5 32. Kxf1 1-0

[Event "III IRT NAVIDAD ALZIRA 2013"]
[Site "CLUB AJEDREZ ALZIRA, C/ Pedro "]
[Date "2013.12.30"]
[Round "7"]
[White "Pallas I Garrido, Ernest Josep"]
[Black "Roca Cruz, Rafael"]
[Result "1-0"]
[WhiteElo "1853"]
[BlackElo "1997"]
[PlyCount "55"]
[EventDate "2013.12.27"]
[EventRounds "7"]
[EventCountry "ESP"]

1. e4 c6 2. d4 d6 3. c4 Qc7 4. Nc3 e5 5. d5 Be7 6. Nf3 Bg4 7. h3 Bh5 8. Be2 Nd7
9. O-O Ngf6 10. Be3 O-O 11. Rc1 a6 12. a4 Qa5 13. Qc2 Rac8 14. Rfd1 cxd5 15.
Nxd5 Nxd5 16. Rxd5 Nc5 17. b3 Qb4 18. Rb1 Bg6 19. Bxc5 Rxc5 20. Rxc5 Qxc5 21.
b4 Qc6 22. Bd3 Rc8 23. b5 Qc5 24. Qb3 a5 25. b6 Bd8 26. Qb5 Rc6 27. Nd2 Rxb6
28. Qe8# 1-0

[Event "III IRT NAVIDAD ALZIRA 2013"]
[Site "CLUB AJEDREZ ALZIRA, C/ Pedro "]
[Date "2013.12.30"]
[Round "7"]
[White "Vanaclocha Llorens, Jose Loren"]
[Black "Garcia Sancho, Josep"]
[Result "0-1"]
[WhiteElo "1960"]
[BlackElo "1770"]
[PlyCount "62"]
[EventDate "2013.12.27"]
[EventRounds "7"]
[EventCountry "ESP"]

1. e4 c5 2. Nf3 Nc6 3. d4 cxd4 4. Nxd4 g6 5. Nc3 Bg7 6. Be3 Nf6 7. Bc4 O-O 8.
Bb3 d6 9. f3 Bd7 10. h4 Nxd4 11. Bxd4 b5 12. Qd2 a5 13. a4 bxa4 14. Nxa4 Qc7
15. g4 Qb7 16. h5 Nxe4 17. Qh2 Ng5 18. O-O-O Nxf3 19. Qg2 Bc6 20. Bxg7 Nd4 21.
Qh3 Nxb3+ 22. cxb3 Rfc8 23. Bc3 Bxh1 24. hxg6 fxg6 25. Rxh1 e5 26. g5 Re8 27.
Rd1 Qxb3 28. Qg4 Rac8 29. Rxd6 Rc4 30. Qd7 Qxa4 31. Qb7 Rxc3+ 0-1